[Event "PUR-ch"]
[Site "San Juan"]
[Date "2024.04.14"]
[Round "8"]
[White "Toro Cruz, Sebastian J"]
[Black "Zilleruelo Irizarry, Diego"]
[Result "1/2-1/2"]
[WhiteElo "1960"]
[BlackElo "2058"]
[PlyCount "90"]
[EventDate "2024.04.06"]
[EventType "tourn"]
[EventRounds "9"]
[EventCountry "PUR"]
[SourceTitle "CB18_2024"]
[SourceDate "2024.05.01"]
[SourceVersion "1"]
[SourceVersionDate "2024.05.01"]
[SourceQuality "2"]

1. Nf3 d5 2. b3 e6 3. Bb2 Nf6 4. e3 Nbd7 5. d4 Bd6 6. Bd3 0-0 7. 0-0 c5 8. c4 cxd4 9. exd4 Qc7 10. Nc3 dxc4 11. Bxc4 a6 12. Rc1 b5 13. Bd3 Qa5 14. Qe2 Bb7 15. Ne5 Ba3 16. Bxa3 Qxa3 17. Ne4 Bxe4 18. Bxe4 Rac8 19. Rxc8 Rxc8 20. Nxd7 Nxd7 21. d5 exd5 22. Bxd5 Nf6 23. Bf3 Rc1 24. g3 Kf8 25. Rxc1 Qxc1+ 26. Kg2 Qc5 27. Qd2 Ke7 28. Qe1+ Kd6 29. Qa5 Qa7 30. a4 bxa4 31. bxa4 Nd7 32. Qd5+ Ke7 33. Qe4+ Kf6 34. Qc6+ Ke7 35. Qe4+ Kf6 36. Qh4+ Ke6 37. Qxh7 Qd4 38. Qc2 Nc5 39. Qa2+ Kf6 40. a5 Nd3 41. Qe2 Qc3 42. Be4 Nc5 43. Qf3+ Qxf3+ 44. Kxf3 Nb3 45. Ke3 Ke5 1/2-1/2

[Event "PUR-ch"]
[Site "San Juan"]
[Date "2024.04.07"]
[Round "3"]
[White "Rodriguez Santiago, Jaime"]
[Black "Zilleruelo Irizarry, Diego"]
[Result "1/2-1/2"]
[WhiteElo "2044"]
[BlackElo "2058"]
[PlyCount "77"]
[EventDate "2024.04.06"]
[EventType "tourn"]
[EventRounds "9"]
[EventCountry "PUR"]
[SourceTitle "CB18_2024"]
[SourceDate "2024.05.01"]
[SourceVersion "1"]
[SourceVersionDate "2024.05.01"]
[SourceQuality "2"]

1. d4 d5 2. c4 e6 3. Nf3 a6 4. Bg5 Be7 5. Bxe7 Nxe7 6. Nbd2 0-0 7. g3 Nd7 8. Bg2 Nf5 9. Rc1 c6 10. 0-0 Nf6 11. cxd5 exd5 12. Qc2 Re8 13. Nb3 Nd6 14. Ne5 Ng4 15. Nd3 Bf5 16. h3 Nf6 17. e3 h5 18. Qe2 Bxd3 19. Qxd3 h4 20. g4 Nfe4 21. Nc5 Nxc5 22. Rxc5 Re6 23. b3 Qe7 24. Rc2 Rf8 25. Re2 f5 26. f3 fxg4 27. hxg4 Re8 28. Rfe1 h3 29. Bxh3 Rh6 30. Kg2 Qh4 31. Rh1 Ne4 32. fxe4 Rxe4 33. Rf2 Rxg4+ 34. Kf1 Qg3 35. Rg2 Rf6+ 36. Kg1 Qe1+ 37. Kh2 Rxg2+ 38. Bxg2 Qh4+ 39. Kg1 1/2-1/2

[Event "Titled Tuesday intern op 09th Jan Early"]
[Site "Chess.com INT"]
[Date "2024.01.09"]
[Round "3"]
[White "Klukin, Kirill"]
[Black "Zilleruelo Irizarry, Diego"]
[Result "1-0"]
[WhiteElo "2390"]
[BlackElo "2052"]
[PlyCount "51"]
[EventDate "2024.01.09"]
[EventType "swiss (blitz)"]
[EventRounds "11"]
[EventCountry "USA"]
[SourceTitle "CB03_2024"]
[SourceDate "2024.01.17"]
[SourceVersion "1"]
[SourceVersionDate "2024.01.17"]
[SourceQuality "1"]

1. c4 e5 2. Nc3 Nf6 3. g3 Nc6 4. Bg2 Be7 5. e3 0-0 6. Nge2 d6 7. 0-0 Bg4 8. Rb1 Bf5 9. d3 Nb4 10. e4 Be6 11. a3 Nc6 12. b4 Nd4 13. Nxd4 exd4 14. Ne2 c5 15. bxc5 dxc5 16. Rxb7 Nd7 17. Nf4 Qc8 18. Nxe6 Qxb7 19. Nxf8 Rxf8 20. Bf4 Qb2 21. Qa4 Qb7 22. e5 Qc7 23. e6 Ne5 24. exf7+ Rxf7 25. Bd5 Bd6 26. Qe8+ 1-0

[Event "Titled Tuesday intern op 09th Jan Early"]
[Site "Chess.com INT"]
[Date "2024.01.09"]
[Round "2"]
[White "Zilleruelo Irizarry, Diego"]
[Black "Urbina Perez, Juan Antonio"]
[Result "0-1"]
[WhiteElo "2052"]
[BlackElo "2266"]
[PlyCount "146"]
[EventDate "2024.01.09"]
[EventType "swiss (blitz)"]
[EventRounds "11"]
[EventCountry "USA"]
[SourceTitle "CB03_2024"]
[SourceDate "2024.01.17"]
[SourceVersion "1"]
[SourceVersionDate "2024.01.17"]
[SourceQuality "1"]

1. e4 c6 2. d4 d5 3. exd5 cxd5 4. Bd3 Nf6 5. h3 Nc6 6. Nf3 Nb4 7. 0-0 Nxd3 8. Qxd3 e6 9. c3 Be7 10. Ne5 0-0 11. Bg5 Nd7 12. Bxe7 Qxe7 13. Nxd7 Bxd7 14. Nd2 a6 15. Rfe1 b5 16. Nf3 f6 17. Re3 Rfc8 18. Rae1 b4 19. Nh4 bxc3 20. bxc3 Qa3 21. Qd2 Rab8 22. R1e2 Rb1+ 23. Kh2 Qc1 24. f4 g6 25. Kg3 Qxd2 26. Rxd2 Rc1 27. Rdd3 Kf7 28. Kf3 Bb5 29. Rd2 R1xc3 30. Rxc3 Rxc3+ 31. Kf2 Bc4 32. Rb2 Bb5 33. Nf3 Ra3 34. g4 h6 35. g5 hxg5 36. fxg5 fxg5 37. Nxg5+ Kf6 38. Nf3 Bc4 39. Rb7 Rxa2+ 40. Kg3 Ra3 41. Kf2 Rb3 42. Ra7 Kf5 43. Rf7+ Ke4 44. Nd2+ Kxd4 45. Nxb3+ Bxb3 46. Rf6 Ke5 47. Rxg6 a5 48. Ke3 a4 49. Kd2 Kf5 50. Rg3 e5 51. h4 Kf4 52. Rg7 e4 53. h5 e3+ 54. Kd3 Bc4+ 55. Kc3 e2 56. Re7 a3 57. h6 a2 58. Kb2 Bd3 59. Kxa2 Be4 60. Kb2 e1Q 61. h7 Qb4+ 62. Kc1 Qxe7 63. h8Q Qc5+ 64. Kb2 Qc2+ 65. Ka3 Qd3+ 66. Kb2 Ke3 67. Qh3+ Kd4 68. Qh8+ Kc4 69. Qc8+ Kb4 70. Qb7+ Qb5 71. Qe7+ Kc4+ 72. Ka2 Qb1+ 73. Ka3 Qb3# 0-1

[Event "Titled Tuesday intern op 26th Sep Late"]
[Site "Chess.com INT"]
[Date "2023.09.26"]
[Round "6"]
[White "Souza, Gustavo Horokoski"]
[Black "Zilleruelo Irizarry, Diego"]
[Result "1-0"]
[WhiteElo "1898"]
[BlackElo "2114"]
[PlyCount "41"]
[EventDate "2023.09.26"]
[EventType "swiss (blitz)"]
[EventRounds "11"]
[EventCountry "USA"]
[SourceTitle "EXT 2024"]
[Source "ChessBase"]
[SourceDate "2023.10.10"]
[SourceVersion "1"]
[SourceVersionDate "2023.10.10"]
[SourceQuality "1"]

1. c4 e5 2. Nc3 Nf6 3. Nf3 Nc6 4. e4 Bc5 5. Nxe5 Nxe5 6. d4 Bd6 7. dxe5 Bxe5 8. Bd3 h6 9. 0-0 0-0 10. Ne2 c6 11. f4 Bc7 12. e5 Nh7 13. Qc2 g6 14. Rf3 Kg7 15. f5 Ng5 16. f6+ Kg8 17. Bxg5 hxg5 18. Bxg6 Bxe5 19. Bh7+ Kh8 20. Rh3 Bxf6 21. Bg8+ 1-0

[Event "Titled Tuesday intern op 26th Sep Late"]
[Site "Chess.com INT"]
[Date "2023.09.26"]
[Round "1"]
[White "Taboas Rodriguez, Daniel"]
[Black "Zilleruelo Irizarry, Diego"]
[Result "1-0"]
[WhiteElo "2368"]
[BlackElo "2114"]
[PlyCount "89"]
[EventDate "2023.09.26"]
[EventType "swiss (blitz)"]
[EventRounds "11"]
[EventCountry "USA"]
[SourceTitle "EXT 2024"]
[Source "ChessBase"]
[SourceDate "2023.10.10"]
[SourceVersion "1"]
[SourceVersionDate "2023.10.10"]
[SourceQuality "1"]

1. d4 Nf6 2. Nf3 g6 3. c4 Bg7 4. Nc3 d5 5. cxd5 Nxd5 6. e4 Nxc3 7. bxc3 c5 8. Be3 Nc6 9. Rc1 0-0 10. d5 Ne5 11. Nxe5 Bxe5 12. Bxc5 Qa5 13. Bd4 Bxd4 14. Qxd4 Qxa2 15. Bc4 Qa5 16. 0-0 Bd7 17. Bd3 b5 18. e5 e6 19. d6 Rfc8 20. c4 bxc4 21. Rxc4 Rxc4 22. Bxc4 Qb4 23. Qe4 Rc8 24. Bd3 Qxe4 25. Bxe4 a5 26. f4 Rc4 27. Bd3 Rd4 28. Bb1 a4 29. g3 Bc6 30. Rc1 Bb7 31. Ba2 Rd2 32. Rc7 Rg2+ 33. Kf1 Rxa2 34. Rxb7 Rd2 35. Ra7 Rd4 36. Ke2 g5 37. Ke3 Rd1 38. Rxa4 gxf4+ 39. gxf4 Kg7 40. Ra2 Rb1 41. Rg2+ Kf8 42. Rc2 Rb8 43. Rc7 h5 44. f5 Rb4 45. Rc8+ 1-0

[Event "Titled Tuesday intern op 26th Sep Late"]
[Site "Chess.com INT"]
[Date "2023.09.26"]
[Round "4"]
[White "Toniutti, Ezio"]
[Black "Zilleruelo Irizarry, Diego"]
[Result "1-0"]
[WhiteElo "2184"]
[BlackElo "2114"]
[PlyCount "37"]
[EventDate "2023.09.26"]
[EventType "swiss (blitz)"]
[EventRounds "11"]
[EventCountry "USA"]
[SourceTitle "EXT 2024"]
[Source "ChessBase"]
[SourceDate "2023.10.10"]
[SourceVersion "1"]
[SourceVersionDate "2023.10.10"]
[SourceQuality "1"]

1. d4 Nf6 2. c4 g6 3. Nc3 d5 4. Bg5 Bg7 5. Nf3 Ne4 6. Bh4 Nxc3 7. bxc3 0-0 8. e3 c5 9. Be2 Nc6 10. 0-0 cxd4 11. cxd4 Bf5 12. Rc1 Rc8 13. h3 Qa5 14. Qb3 Rfd8 15. cxd5 Rxd5 16. Bc4 Rdd8 17. Bxf7+ Kf8 18. Ng5 Bf6 19. Bg8 1-0

[Event "Titled Tuesday intern op 19th Sep Late"]
[Site "Chess.com INT"]
[Date "2023.09.19"]
[Round "5"]
[White "Zilleruelo Irizarry, Diego"]
[Black "Rosen, Eric S"]
[Result "0-1"]
[WhiteElo "2114"]
[BlackElo "2341"]
[PlyCount "120"]
[EventDate "2023.09.19"]
[EventType "swiss (blitz)"]
[EventRounds "11"]
[EventCountry "USA"]
[SourceTitle "EXT 2024"]
[Source "ChessBase"]
[SourceDate "2023.10.10"]
[SourceVersion "1"]
[SourceVersionDate "2023.10.10"]
[SourceQuality "1"]

1. e4 e5 2. Nf3 Nf6 3. Nxe5 Nc6 4. Nxc6 dxc6 5. e5 Nd5 6. d4 c5 7. Be2 Bf5 8. c3 Be7 9. 0-0 0-0 10. Bf3 c6 11. a3 Qb6 12. dxc5 Qxc5 13. Qe2 Rfd8 14. Nd2 Nf4 15. Qe3 Qxe3 16. fxe3 Nd3 17. Ne4 Nxe5 18. Ng3 Bd3 19. Re1 Bc5 20. Kf2 a5 21. Be4 Bxe4 22. Nxe4 Nd3+ 23. Kf1 Nxe1 24. Kxe1 Be7 25. Ke2 f5 26. Nf2 a4 27. Bd2 Rd7 28. Rf1 Rad8 29. Bc1 g6 30. h3 Bc5 31. g4 Rf7 32. g5 Re7 33. Nd3 Bb6 34. c4 Re4 35. c5 Bc7 36. Bd2 Rh4 37. Rf3 Re4 38. Bc3 Rde8 39. Kd2 b6 40. Bd4 b5 41. Kc3 Ba5+ 42. Kc2 Bd8 43. Rg3 Bc7 44. Rf3 Rd8 45. Kc3 Kf7 46. Kc2 Ke6 47. Nb4 Kd7 48. Bf6 Rde8 49. Rf2 Rc4+ 50. Kb1 Rxc5 51. Bd4 Rc4 52. Rd2 Kc8 53. Na6 Be5 54. Bc5 Rd8 55. Rxd8+ Kxd8 56. Bb6+ Ke8 57. Nc5 Rh4 58. Ne6 Rxh3 59. Kc2 Ke7 60. Kd3 Kxe6 0-1

[Event "Titled Tuesday intern op 12th Sep Early"]
[Site "Chess.com INT"]
[Date "2023.09.12"]
[Round "5"]
[White "Zilleruelo Irizarry, Diego"]
[Black "Domingo Nunez, Alejandro"]
[Result "1-0"]
[WhiteElo "2114"]
[BlackElo "2313"]
[PlyCount "95"]
[EventDate "2023.09.12"]
[EventType "swiss (blitz)"]
[EventRounds "11"]
[EventCountry "USA"]
[SourceTitle "EXT 2024"]
[Source "ChessBase"]
[SourceDate "2023.10.10"]
[SourceVersion "1"]
[SourceVersionDate "2023.10.10"]
[SourceQuality "1"]

1. e4 g6 2. d4 Bg7 3. Nc3 c6 4. Bf4 d5 5. Qd2 dxe4 6. Nxe4 Nf6 7. Nxf6+ exf6 8. 0-0-0 0-0 9. Bh6 Bxh6 10. Qxh6 Qd5 11. Kb1 Qg5 12. Qxg5 fxg5 13. h4 gxh4 14. Rxh4 Kg7 15. Re4 Be6 16. Nf3 Nd7 17. Ng5 Bf5 18. Rh4 h6 19. Nf3 g5 20. Rh1 Rfe8 21. Re1 g4 22. Ne5 Nxe5 23. dxe5 Rad8 24. Kc1 Rd5 25. e6 Rc5 26. c3 Rxe6 27. Rxe6 fxe6 28. Be2 Ra5 29. a3 Re5 30. Kd2 a5 31. Rh5 Kg6 32. Rh4 Kg5 33. g3 h5 34. Rh1 Be4 35. Re1 Bf3 36. Bxf3 Rxe1 37. Kxe1 gxf3 38. Kd2 h4 39. gxh4+ Kxh4 40. Ke3 Kg4 41. Ke4 e5 42. c4 b6 43. b4 axb4 44. axb4 b5 45. c5 Kg5 46. Kxe5 Kg4 47. Ke4 Kg5 48. Kxf3 1-0

[Event "Titled Tuesday intern op 01st Aug Late"]
[Site "Chess.com INT"]
[Date "2023.08.01"]
[Round "3"]
[White "Akbas, Umut Ata"]
[Black "Zilleruelo Irizarry, Diego"]
[Result "1-0"]
[WhiteElo "2430"]
[BlackElo "2121"]
[PlyCount "55"]
[EventDate "2023.08.01"]
[EventType "swiss (blitz)"]
[EventRounds "11"]
[EventCountry "USA"]
[SourceTitle "EXT 2024"]
[Source "ChessBase"]
[SourceDate "2023.10.10"]
[SourceVersion "1"]
[SourceVersionDate "2023.10.10"]
[SourceQuality "1"]

1. b3 d5 2. Bb2 c5 3. e3 Nc6 4. Bb5 Nf6 5. Nf3 e6 6. Ne5 Bd7 7. Bxc6 Bxc6 8. 0-0 Be7 9. d3 Rc8 10. f4 0-0 11. Nd2 d4 12. e4 Nd7 13. Nxc6 Rxc6 14. f5 exf5 15. Rxf5 Rf6 16. Qf3 Rxf5 17. Qxf5 Bf6 18. a4 Re8 19. Rf1 Re5 20. Qf2 Rh5 21. g4 Re5 22. Nf3 Re8 23. h4 Ne5 24. g5 Nxf3+ 25. Qxf3 Be5 26. Qxf7+ Kh8 27. Bc1 Re7 28. Qf8+ 1-0

[Event "Titled Tuesday intern op 01st Aug Late"]
[Site "Chess.com INT"]
[Date "2023.08.01"]
[Round "4"]
[White "Petersson, Kjell"]
[Black "Zilleruelo Irizarry, Diego"]
[Result "0-1"]
[WhiteElo "2040"]
[BlackElo "2121"]
[PlyCount "92"]
[EventDate "2023.08.01"]
[EventType "swiss (blitz)"]
[EventRounds "11"]
[EventCountry "USA"]
[SourceTitle "EXT 2024"]
[Source "ChessBase"]
[SourceDate "2023.10.10"]
[SourceVersion "1"]
[SourceVersionDate "2023.10.10"]
[SourceQuality "1"]

1. d4 d5 2. Bf4 c5 3. e3 Qb6 4. Nc3 Nf6 5. a3 a6 6. Nf3 Nc6 7. Be2 cxd4 8. exd4 Bg4 9. 0-0 e6 10. Na4 Qd8 11. h3 Bxf3 12. Bxf3 Bd6 13. Bxd6 Qxd6 14. Re1 0-0 15. Qd2 Rac8 16. Nc5 Nxd4 17. Qxd4 Qxc5 18. Qxc5 Rxc5 19. c3 Rfc8 20. Rad1 b5 21. Rd4 a5 22. g3 Kf8 23. Kg2 h6 24. h4 Nd7 25. Bg4 Nb6 26. Be2 Nc4 27. Bxc4 Rxc4 28. Red1 Rxd4 29. Rxd4 Rc4 30. Kf3 Rxd4 31. cxd4 Ke7 32. Ke3 Kd6 33. f4 f6 34. g4 e5 35. fxe5+ fxe5 36. dxe5+ Kxe5 37. b3 g5 38. h5 d4+ 39. Kd3 Kd5 40. a4 b4 41. Kd2 Ke4 42. Ke2 d3+ 43. Kd2 Kd4 44. Kd1 Kc3 45. Kc1 Kxb3 46. Kd2 Kc4 0-1

[Event "Titled Tuesday intern op 01st Aug Late"]
[Site "Chess.com INT"]
[Date "2023.08.01"]
[Round "2"]
[White "Zilleruelo Irizarry, Diego"]
[Black "Mortazavi, Ali"]
[Result "0-1"]
[WhiteElo "2121"]
[BlackElo "2333"]
[PlyCount "60"]
[EventDate "2023.08.01"]
[EventType "swiss (blitz)"]
[EventRounds "11"]
[EventCountry "USA"]
[SourceTitle "EXT 2024"]
[Source "ChessBase"]
[SourceDate "2023.10.10"]
[SourceVersion "1"]
[SourceVersionDate "2023.10.10"]
[SourceQuality "1"]

1. e4 c6 2. d4 d5 3. exd5 cxd5 4. Bd3 Nc6 5. c3 Qc7 6. h3 g6 7. Nf3 Bf5 8. 0-0 Nf6 9. Re1 e6 10. Bb5 h5 11. Ne5 Bd6 12. Nd2 0-0 13. Ndf3 a6 14. Bxc6 bxc6 15. Bh6 Rfe8 16. Nh4 c5 17. Nxf5 exf5 18. Bf4 c4 19. f3 Re6 20. Qd2 Rae8 21. Re2 Nd7 22. Rae1 Bxe5 23. dxe5 Nc5 24. Re3 Nd3 25. Rxd3 cxd3 26. Kh2 Rb8 27. Qxd3 Qc4 28. Qd2 Qxa2 29. Re2 Qc4 30. Qc2 Qxf4+ 0-1

[Event "Titled Tuesday intern op 01st Aug Late"]
[Site "Chess.com INT"]
[Date "2023.08.01"]
[Round "8"]
[White "Zilleruelo Irizarry, Diego"]
[Black "Sanhueza, Cristian"]
[Result "0-1"]
[WhiteElo "2121"]
[BlackElo "2215"]
[PlyCount "72"]
[EventDate "2023.08.01"]
[EventType "swiss (blitz)"]
[EventRounds "11"]
[EventCountry "USA"]
[SourceTitle "EXT 2024"]
[Source "ChessBase"]
[SourceDate "2023.10.10"]
[SourceVersion "1"]
[SourceVersionDate "2023.10.10"]
[SourceQuality "1"]

1. e4 c5 2. Nf3 d6 3. d4 cxd4 4. Qxd4 Nc6 5. Qe3 Nf6 6. Be2 e5 7. h3 Be7 8. 0-0 0-0 9. Rd1 Be6 10. c4 Nb4 11. Qd2 a5 12. Nc3 Na6 13. Qe3 Nb4 14. Rd2 Qc8 15. a3 Na6 16. Nd5 Bxd5 17. exd5 a4 18. Rc2 Nc5 19. Bd2 Nfe4 20. Bb4 f5 21. Bd3 Bf6 22. Bxe4 Nxe4 23. c5 dxc5 24. Bxc5 b6 25. Bxf8 Qxc2 26. Rc1 Qxb2 27. Bb4 f4 28. Qe1 Ng5 29. Nxg5 Bxg5 30. Rc7 Bf6 31. d6 Rd8 32. Qe4 Qd4 33. Qb7 Qd1+ 34. Kh2 f3 35. g3 Qe2 36. Kg1 e4 0-1

[Event "Titled Tuesday intern op 01st Aug Late"]
[Site "Chess.com INT"]
[Date "2023.08.01"]
[Round "5"]
[White "Zilleruelo Irizarry, Diego"]
[Black "Vargas, Mauricio"]
[Result "1-0"]
[WhiteElo "2121"]
[BlackElo "2035"]
[PlyCount "29"]
[EventDate "2023.08.01"]
[EventType "swiss (blitz)"]
[EventRounds "11"]
[EventCountry "USA"]
[SourceTitle "EXT 2024"]
[Source "ChessBase"]
[SourceDate "2023.10.10"]
[SourceVersion "1"]
[SourceVersionDate "2023.10.10"]
[SourceQuality "1"]

1. e4 c6 2. d4 d5 3. exd5 cxd5 4. Bd3 Nc6 5. c3 Nf6 6. h3 g6 7. Nf3 Bg7 8. 0-0 0-0 9. Bf4 Nd7 10. Re1 Re8 11. Ne5 f6 12. Nxg6 hxg6 13. Bxg6 e5 14. Qh5 Nf8 15. Bf7# 1-0

[Event "Titled Tuesday intern op 20th Jun Early"]
[Site "Chess.com INT"]
[Date "2023.06.20"]
[Round "2"]
[White "Postny, Evgeny"]
[Black "Zilleruelo Irizarry, Diego"]
[Result "1-0"]
[WhiteElo "2549"]
[BlackElo "2121"]
[PlyCount "95"]
[EventDate "2023.06.20"]
[EventType "swiss (blitz)"]
[EventRounds "11"]
[EventCountry "USA"]
[SourceTitle "EXT 2024"]
[Source "ChessBase"]
[SourceDate "2023.10.10"]
[SourceVersion "1"]
[SourceVersionDate "2023.10.10"]
[SourceQuality "1"]

1. e4 c6 2. d4 d5 3. Nc3 dxe4 4. Nxe4 Bf5 5. Ng3 Bg6 6. h4 h6 7. Nf3 Nd7 8. Bd3 Bxd3 9. Qxd3 e6 10. Bf4 Ngf6 11. 0-0-0 Qa5 12. Kb1 Nd5 13. Bd2 Qc7 14. c4 N5f6 15. Bc3 0-0-0 16. Qe2 Bd6 17. Ne4 Nxe4 18. Qxe4 Nf6 19. Qe2 Rhe8 20. a3 c5 21. Rhe1 cxd4 22. Nxd4 a6 23. Nb3 Qc6 24. g3 Bc7 25. Nd4 Qc5 26. b4 Qh5 27. Qxh5 Nxh5 28. Kc2 Nf6 29. Nf3 Rxd1 30. Rxd1 Rd8 31. Rxd8+ Kxd8 32. Ne5 Ke7 33. Kd3 g6 34. a4 Bxe5 35. Bxe5 Ng4 36. Bd4 e5 37. f3 Nh2 38. Bxe5 Nxf3 39. Bc3 h5 40. c5 Ke6 41. Kc4 f6 42. b5 g5 43. c6 axb5+ 44. Kxb5 bxc6+ 45. Kxc6 gxh4 46. gxh4 Nxh4 47. a5 Nf5 48. a6 1-0

[Event "Titled Tuesday intern op 20th Jun Early"]
[Site "Chess.com INT"]
[Date "2023.06.20"]
[Round "4"]
[White "Zilleruelo Irizarry, Diego"]
[Black "Parpiev, Isaak"]
[Result "0-1"]
[WhiteElo "2121"]
[BlackElo "2123"]
[PlyCount "58"]
[EventDate "2023.06.20"]
[EventType "swiss (blitz)"]
[EventRounds "11"]
[EventCountry "USA"]
[SourceTitle "EXT 2024"]
[Source "ChessBase"]
[SourceDate "2023.10.10"]
[SourceVersion "1"]
[SourceVersionDate "2023.10.10"]
[SourceQuality "1"]

1. e4 c6 2. d4 d5 3. exd5 cxd5 4. Bd3 Nc6 5. c3 Nf6 6. h3 g6 7. Nf3 Bg7 8. 0-0 0-0 9. Bf4 Bf5 10. Bxf5 gxf5 11. Ne5 e6 12. Nd2 Kh8 13. Nxc6 bxc6 14. b4 a5 15. a3 Ne4 16. Nxe4 fxe4 17. f3 f5 18. Be5 Bxe5 19. dxe5 axb4 20. cxb4 e3 21. Qd4 f4 22. Rfc1 Rc8 23. Rc5 Qg5 24. Rac1 Rg8 25. Qb2 Qg3 26. Kh1 d4 27. Rd1 d3 28. Rxd3 Qe1+ 29. Kh2 e2 0-1

[Event "American Continental 17th"]
[Site "Juan Dolio"]
[Date "2023.05.19"]
[Round "7"]
[White "Arenas Vanegas, David"]
[Black "Zilleruelo Irizarry, Diego"]
[Result "1-0"]
[WhiteElo "2426"]
[BlackElo "2099"]
[PlyCount "93"]
[EventDate "2023.05.15"]
[EventType "swiss"]
[EventRounds "11"]
[EventCountry "DOM"]
[SourceTitle "CBM 214 Extra"]
[Source "ChessBase"]
[SourceDate "2023.07.31"]
[SourceVersion "1"]
[SourceVersionDate "2023.07.31"]
[SourceQuality "1"]

1. e4 c6 2. d4 d5 3. e5 c5 4. dxc5 e6 5. Nf3 Bxc5 6. Bd3 Ne7 7. 0-0 h6 8. a3 Nd7 9. b4 Bb6 10. Bb2 0-0 11. Nbd2 a5 12. c4 axb4 13. axb4 Rxa1 14. Bxa1 Bc7 15. Bb1 Nb6 16. Qc2 g6 17. c5 Nd7 18. Nb3 Nf5 19. Qd2 Kh7 20. g3 Rg8 21. Bb2 f6 22. Re1 fxe5 23. Nxe5 Nxe5 24. Bxe5 Bxe5 25. Rxe5 b6 26. Bxf5 gxf5 27. Qd4 bxc5 28. Nxc5 Rg4 29. f4 Rg6 30. Re3 Qb6 31. Nb3 Qd6 32. Qc5 Qb8 33. Rc3 Bd7 34. Nd4 Rg7 35. Kf2 Qe8 36. b5 Qh5 37. Nf3 e5 38. Qxd5 exf4 39. Rc7 Qe8 40. gxf4 Re7 41. Ne5 Bxb5 42. Rxe7+ Qxe7 43. Qxb5 Qa7+ 44. Kf3 Qa8+ 45. Kg3 Qg8+ 46. Kh3 Qg1 47. Qd7+ 1-0

[Event "American Continental 17th"]
[Site "Juan Dolio"]
[Date "2023.05.19"]
[Round "6"]
[White "Zilleruelo Irizarry, Diego"]
[Black "Shabalov, Alexander"]
[Result "0-1"]
[WhiteElo "2099"]
[BlackElo "2480"]
[PlyCount "64"]
[EventDate "2023.05.15"]
[EventType "swiss"]
[EventRounds "11"]
[EventCountry "DOM"]
[SourceTitle "CBM 214 Extra"]
[Source "ChessBase"]
[SourceDate "2023.07.31"]
[SourceVersion "1"]
[SourceVersionDate "2023.07.31"]
[SourceQuality "1"]

1. e4 c5 2. Nf3 d6 3. d4 cxd4 4. Qxd4 Nf6 5. Be2 g6 6. h3 Bg7 7. 0-0 0-0 8. Qe3 Nc6 9. Nc3 Be6 10. Rd1 Qb6 11. a3 Nd7 12. Nd5 Qxe3 13. Bxe3 Rfc8 14. c3 h6 15. Rac1 Nc5 16. e5 Nb3 17. Rb1 dxe5 18. Bc4 e4 19. Bxb3 exf3 20. g4 Kf8 21. Bc2 Ne5 22. Bf4 h5 23. gxh5 gxh5 24. Kh2 Rc5 25. Ne3 Ng6 26. Bxg6 fxg6 27. h4 Bf6 28. Kg3 Kg7 29. Rd2 Rf8 30. Rh1 b5 31. Nc2 Bc8 32. Be3 Be5+ 0-1

[Event "San Sebastian Mendez Memorial 9th"]
[Site "San Sebastian del Pepino"]
[Date "2023.01.15"]
[Round "5"]
[White "Boggiano Pereira, Miguel A"]
[Black "Zilleruelo Irizarry, Diego"]
[Result "0-1"]
[WhiteElo "1982"]
[BlackElo "2097"]
[PlyCount "61"]
[EventDate "2023.01.13"]
[EventType "swiss"]
[EventRounds "5"]
[EventCountry "PUR"]
[SourceTitle "CBM 212 Extra"]
[Source "ChessBase"]
[SourceDate "2023.03.31"]
[SourceVersion "1"]
[SourceVersionDate "2023.03.31"]
[SourceQuality "1"]

1. e4 e5 2. Nf3 Nc6 3. Nc3 Nf6 4. Bb5 Be7 5. Bxc6 dxc6 6. Nxe5 Nxe4 7. 0-0 Nxc3 8. dxc3 0-0 9. Bf4 Bd6 10. Qf3 Qf6 11. Rfe1 Be6 12. Nd3 g5 13. Bg3 Qxf3 14. gxf3 Rfe8 15. Be5 Bd5 16. f4 gxf4 17. Bxd6 cxd6 18. Nxf4 Bf3 19. Re3 Rxe3 20. fxe3 Be4 21. Rc1 f5 22. Kf2 Kf7 23. Ke2 Rg8 24. Kd2 d5 25. Rf1 Kf6 26. Rf2 Rg1 27. a4 Ra1 28. b3 Bxc2 29. Kxc2 Ra2+ 30. Kd3 Rxf2 31. h3 0-1

[Event "Titled Tuesday intern op 03rd Jan Early"]
[Site "Chess.com INT"]
[Date "2023.01.03"]
[Round "1"]
[White "Goryachkina, Aleksandra"]
[Black "Zilleruelo Irizarry, Diego"]
[Result "1-0"]
[WhiteElo "2576"]
[BlackElo "2097"]
[PlyCount "77"]
[EventDate "2023.01.03"]
[EventType "swiss (blitz)"]
[EventRounds "11"]
[EventCountry "USA"]
[SourceTitle "EXT 2024"]
[Source "ChessBase"]
[SourceDate "2023.10.10"]
[SourceVersion "1"]
[SourceVersionDate "2023.10.10"]
[SourceQuality "1"]

1. e4 c6 2. d4 d5 3. e5 c5 4. dxc5 e6 5. Nf3 Bxc5 6. a3 Nc6 7. Bd3 Nge7 8. b4 Bb6 9. 0-0 Ng6 10. Bb2 0-0 11. Re1 Bd7 12. c4 dxc4 13. Bxc4 Qe7 14. Nbd2 Rac8 15. Rc1 Rfd8 16. Qb3 Be8 17. Ne4 Bc7 18. Nc5 Bb6 19. Bf1 Bxc5 20. Rxc5 Nf4 21. Rec1 a6 22. Qe3 Nd5 23. Qe4 Nb6 24. Ba1 h6 25. h4 Na7 26. Bd3 g6 27. h5 Kg7 28. Nh4 Rxd3 29. Qxd3 Qxh4 30. hxg6 fxg6 31. Rc7+ Rxc7 32. Rxc7+ Bf7 33. Qf3 h5 34. Rxf7+ Kg8 35. Rf8+ Kh7 36. Qxb7+ Kh6 37. Qxb6 Nb5 38. Qe3+ Kh7 39. a4 1-0

[Event "Titled Tuesday intern op 03rd Jan Early"]
[Site "Chess.com INT"]
[Date "2023.01.03"]
[Round "3"]
[White "Zilleruelo Irizarry, Diego"]
[Black "Crocker, Philip J"]
[Result "1-0"]
[WhiteElo "2097"]
[BlackElo "2135"]
[PlyCount "93"]
[EventDate "2023.01.03"]
[EventType "swiss (blitz)"]
[EventRounds "11"]
[EventCountry "USA"]
[SourceTitle "EXT 2024"]
[Source "ChessBase"]
[SourceDate "2023.10.10"]
[SourceVersion "1"]
[SourceVersionDate "2023.10.10"]
[SourceQuality "1"]

1. e4 e5 2. Nf3 Nc6 3. Bb5 a6 4. Ba4 Nf6 5. 0-0 Be7 6. Re1 b5 7. Bb3 0-0 8. a4 Bb7 9. axb5 axb5 10. Rxa8 Qxa8 11. Nc3 b4 12. Nd5 Nxd5 13. exd5 Na5 14. Rxe5 Bd6 15. Re3 Nxb3 16. Rxb3 Bxd5 17. Rd3 Re8 18. Re3 Rxe3 19. fxe3 Bxf3 20. Qxf3 Qxf3 21. gxf3 f5 22. d3 c5 23. b3 Be5 24. e4 fxe4 25. dxe4 Kf7 26. f4 Bd4+ 27. Kg2 g6 28. Kf3 h5 29. Bd2 d6 30. Ke2 Kf6 31. Kd3 Bg1 32. h3 Bf2 33. Ke2 Bg1 34. c3 bxc3 35. Bxc3+ Ke6 36. b4 cxb4 37. Bxb4 Bd4 38. Kf3 Bb2 39. Be1 Bc1 40. Bh4 Bd2 41. Bg5 Bc3 42. Kg3 Bd2 43. f5+ gxf5 44. exf5+ Kxf5 45. Bxd2 Kg6 46. Kh4 d5 47. Be3 1-0